[Event "Wch Seniors 65 28th"]
[Site "Bled"]
[Date "2018.11.23"]
[Round "6"]
[White "Boehnisch, Manfred"]
[Black "Gal, Moshe"]
[Result "1-0"]
[WhiteElo "2261"]
[BlackElo "2116"]
[PlyCount "211"]
[EventDate "2018.11.18"]
[EventType "swiss"]
[EventRounds "11"]
[EventCountry "SLO"]
[SourceTitle "CBM 187 Extra"]
[Source "ChessBase"]
[SourceDate "2018.11.04"]
[SourceVersion "1"]
[SourceVersionDate "2018.11.04"]
[SourceQuality "1"]

1. e4 c5 2. Nf3 Nc6 3. Bb5 a6 4. Bxc6 dxc6 5. d3 Qc7 6. Nbd2 e5 7. a4 Ne7 8. Nb3 Be6 9. Be3 Bxb3 10. cxb3 a5 11. Bxc5 b6 12. Be3 c5 13. Nd2 Nc6 14. Nc4 Rd8 15. 0-0 Be7 16. f4 Bf6 17. Qe2 Rd7 18. Rad1 0-0 19. g3 Rfd8 20. Rf3 Nb4 21. Bf2 exf4 22. gxf4 Bd4 23. Bxd4 Rxd4 24. e5 Qd7 25. Nxb6 Qg4+ 26. Qg2 Rxf4 27. Qxg4 Rxg4+ 28. Kf2 Rgd4 29. Ke2 Nc6 30. Nc4 Rh4 31. Rf2 Re8 32. Kf1 Rb8 33. Re1 Rh6 34. Nd6 Re6 35. Nxf7 h6 36. Rc1 Rf8 37. Nd6 Rxf2+ 38. Kxf2 Nxe5 39. Ke3 Rxd6 40. Rxc5 Rxd3+ 41. Ke4 Rxb3 42. Kxe5 Rxb2 43. Rxa5 Rxh2 44. Ra8+ Kh7 45. a5 Rf2 46. a6 h5 47. Ke4 Rf6 48. Ke5 h4 49. a7 Rf7 50. Rh8+ Kxh8 51. a8Q+ Kh7 52. Qe4+ g6 53. Qxh4+ Kg7 54. Ke6 Rf5 55. Ke7 Rf7+ 56. Kd6 Rf6+ 57. Ke5 Rf7 58. Qd8 Rf8 59. Qd4 Rf5+ 60. Ke6+ Kh7 61. Qb2 Kh6 62. Qh8+ Kg5 63. Qh3 Rf6+ 64. Kd7 Rf7+ 65. Ke8 Rf5 66. Ke7 Rf4 67. Qg3+ Kf5 68. Kf7 g5 69. Qg2 Re4 70. Qf3+ Rf4 71. Qd5+ Kg4+ 72. Kg6 Kg3 73. Kxg5 Rg4+ 74. Kf5 Rf4+ 75. Ke5 Rf3 76. Qd2 Rf2 77. Qe1 Kf3 78. Kd4 Re2 79. Qf1+ Rf2 80. Qh3+ Ke2 81. Qd3+ Ke1 82. Qg3 Kf1 83. Qh3+ Ke2 84. Qg4+ Kd2 85. Qg3 Ke2 86. Ke4 Kf1 87. Qg4 Rd2 88. Ke3 Rf2 89. Qh3+ Kg1 90. Qg3+ Kh1 91. Qg4 Rg2 92. Qh3+ Kg1 93. Qh4 Rg8 94. Qf2+ Kh1 95. Qf3+ Kh2 96. Qf4+ Kg1 97. Ke2 Rg2+ 98. Ke1 Kh1 99. Qe4 Kg1 100. Qf5 Kh1 101. Qh3+ Kg1 102. Qh4 Rh2 103. Qd4+ Kg2 104. Qg4+ Kh1 105. Qf3+ Kg1 106. Qf1# 1-0

[Event "Wch Seniors 65 28th"]
[Site "Bled"]
[Date "2018.11.18"]
[Round "1"]
[White "Gal, Moshe"]
[Black "Cicek, Cemil"]
[Result "1-0"]
[WhiteElo "2116"]
[BlackElo "1775"]
[PlyCount "129"]
[EventDate "2018.11.18"]
[EventType "swiss"]
[EventRounds "11"]
[EventCountry "SLO"]
[SourceTitle "CBM 187 Extra"]
[Source "ChessBase"]
[SourceDate "2018.11.04"]
[SourceVersion "1"]
[SourceVersionDate "2018.11.04"]
[SourceQuality "1"]

1. Nf3 d5 2. e3 Nf6 3. c4 e6 4. b3 Be7 5. Bb2 b6 6. Nc3 Bb7 7. Be2 0-0 8. 0-0 c6 9. d4 Nbd7 10. Rc1 Rc8 11. Bd3 Re8 12. Ne5 Nxe5 13. dxe5 Nd7 14. Ne2 Nf8 15. cxd5 exd5 16. Nd4 Ng6 17. e6 Bf6 18. exf7+ Kxf7 19. Qc2 c5 20. Nf5 Ne5 21. Be2 g6 22. Nh6+ Kg7 23. Ng4 Nxg4 24. Bxg4 Rc7 25. Bf3 Rd7 26. Rfd1 Bxb2 27. Qxb2+ Qf6 28. Qc2 Red8 29. Rd2 Qe5 30. Rcd1 a6 31. a3 h5 32. b4 c4 33. Rd4 Rd6 34. Qc3 Qf6 35. h4 b5 36. Qd2 R8d7 37. e4 c3 38. Qxc3 dxe4 39. Rxd6 Qxc3 40. Rxd7+ Kh6 41. Rxb7 exf3 42. Rdd7 Qa1+ 43. Kh2 Qe5+ 44. g3 Qh8 45. Rf7 Qg8 46. Rxf3 Qc8 47. Rff7 Qg8 48. Ra7 Qh8 49. Kg2 Qg8 50. Kf3 Qh8 51. Rh7+ Qxh7 52. Rxh7+ Kxh7 53. Kf4 Kg7 54. Kg5 Kf7 55. f3 Kg7 56. g4 hxg4 57. fxg4 Kh7 58. h5 gxh5 59. gxh5 Kg7 60. h6+ Kh7 61. Kh5 Kg8 62. Kg6 Kh8 63. h7 a5 64. bxa5 b4 65. a6 1-0

[Event "World Amateur-ch U2300"]
[Site "Cagliari"]
[Date "2018.04.27"]
[Round "7"]
[White "Gal, Moshe"]
[Black "Voltolini, Giuseppe"]
[Result "1/2-1/2"]
[WhiteElo "2129"]
[BlackElo "2156"]
[PlyCount "52"]
[EventDate "2018.04.22"]
[EventType "swiss"]
[EventRounds "9"]
[EventCountry "ITA"]
[SourceTitle "CBM 184 Extra"]
[Source "ChessBase"]
[SourceDate "2018.06.28"]
[SourceVersion "1"]
[SourceVersionDate "2018.06.28"]
[SourceQuality "1"]

1. d4 f5 2. Bf4 Nf6 3. e3 g6 4. h4 d6 5. Bc4 Bg7 6. Nc3 e6 7. Qe2 Qe7 8. 0-0-0 c6 9. Nf3 Nbd7 10. Bb3 d5 11. Ne5 Nxe5 12. Bxe5 Ne4 13. Nxe4 Bxe5 14. Ng5 Bf6 15. f4 b5 16. c3 Bd7 17. Nf3 c5 18. Ne5 c4 19. Bc2 Bxh4 20. g4 Bf6 21. g5 Bxe5 22. dxe5 b4 23. cxb4 Qxb4 24. Qd2 a5 25. a3 Qb6 26. Qd4 Rb8 1/2-1/2

[Event "World Amateur-ch U2300"]
[Site "Cagliari"]
[Date "2018.04.23"]
[Round "3"]
[White "Gal, Moshe"]
[Black "Garavito, Miguel Angel"]
[Result "0-1"]
[WhiteElo "2129"]
[BlackElo "2269"]
[PlyCount "73"]
[EventDate "2018.04.22"]
[EventType "swiss"]
[EventRounds "9"]
[EventCountry "ITA"]
[SourceTitle "CBM 184 Extra"]
[Source "ChessBase"]
[SourceDate "2018.06.28"]
[SourceVersion "1"]
[SourceVersionDate "2018.06.28"]
[SourceQuality "1"]

1. d4 Nf6 2. Bf4 e6 3. e3 d5 4. Nf3 c5 5. c3 Nc6 6. Nbd2 Bd6 7. Bg3 0-0 8. Bd3 b6 9. Qe2 Re8 10. Bb5 Bb7 11. Ne5 Qc7 12. f4 Ne4 13. Nxe4 dxe4 14. dxc5 Bxc5 15. f5 Nxe5 16. Bxe8 Rxe8 17. 0-0-0 exf5 18. Rd2 Qe7 19. Bxe5 Qxe5 20. Rhd1 g6 21. Rd7 Re7 22. Rd8+ Kg7 23. g3 a5 24. Kb1 Rc7 25. Qd2 Ba6 26. Rd5 Qe7 27. c4 Qf6 28. b3 Bb4 29. Qf2 Bb7 30. Rd8 Be7 31. R8d4 Qe5 32. Qf4 Qxf4 33. gxf4 Bc5 34. Rd7 Rxd7 35. Rxd7 Bc8 36. Rd8 Be6 37. Rd4 0-1

[Event "Wch Seniors 65 26th"]
[Site "Marianske Lazne"]
[Date "2016.11.29"]
[Round "10"]
[White "Stebbings, Anthony"]
[Black "Gal, Moshe"]
[Result "1/2-1/2"]
[WhiteElo "2293"]
[BlackElo "2150"]
[PlyCount "76"]
[EventDate "2016.11.19"]
[EventType "swiss"]
[EventRounds "11"]
[EventCountry "CZE"]
[SourceTitle "CBM 175 Extra"]
[Source "ChessBase"]
[SourceDate "2016.12.12"]
[SourceVersion "1"]
[SourceVersionDate "2016.12.12"]
[SourceQuality "1"]

1. e4 c5 2. Nf3 Nc6 3. d4 cxd4 4. Nxd4 g6 5. c4 Bg7 6. Nc2 d6 7. Be2 Nh6 8. 0-0 0-0 9. Nc3 f5 10. exf5 Nxf5 11. Rb1 Nfd4 12. Nxd4 Nxd4 13. Bd3 Kh8 14. Bd2 Bf5 15. Bxf5 Rxf5 16. Nd5 Qd7 17. Bc3 e5 18. Qd3 Raf8 19. Bxd4 exd4 20. f4 Re8 21. Rbe1 Rff8 22. b3 a6 23. a4 Qf7 24. g3 b5 25. axb5 axb5 26. h4 bxc4 27. bxc4 Re6 28. Kf2 Rfe8 29. Rxe6 Qxe6 30. Kf3 h5 31. Kf2 Kh7 32. Kg2 Rb8 33. Rf2 Rf8 34. Re2 Qg4 35. Re7 Kh8 36. Re2 Kh7 37. Re7 Kh8 38. Re2 Kh7 1/2-1/2

[Event "Wch Seniors 65 26th"]
[Site "Marianske Lazne"]
[Date "2016.11.23"]
[Round "5"]
[White "Gal, Moshe"]
[Black "Kopecek, Ivan"]
[Result "1-0"]
[WhiteElo "2150"]
[BlackElo "1910"]
[PlyCount "97"]
[EventDate "2016.11.19"]
[EventType "swiss"]
[EventRounds "11"]
[EventCountry "CZE"]
[SourceTitle "CBM 175 Extra"]
[Source "ChessBase"]
[SourceDate "2016.12.12"]
[SourceVersion "1"]
[SourceVersionDate "2016.12.12"]
[SourceQuality "1"]

1. d4 Nf6 2. Bf4 e6 3. e3 Be7 4. Nd2 c5 5. c3 Nc6 6. Bd3 cxd4 7. exd4 Nd5 8. Bg3 0-0 9. Be4 f5 10. Bxd5 exd5 11. Ne2 d6 12. h4 Na5 13. Nf4 Re8 14. Kf1 b5 15. Qf3 Bb7 16. Qh5 Qd7 17. Nf3 Bf6 18. Ng5 g6 19. Nxg6 hxg6 20. Qxg6+ Qg7 21. Qxf5 Nc4 22. Bf4 Nb6 23. Qd3 a6 24. Rh3 Bxg5 25. Rg3 Bxf4 26. Rxg7+ Kxg7 27. Qf5 Rf8 28. Qg4+ Kh7 29. Qh5+ Kg7 30. Re1 Rf7 31. g3 Bd2 32. Re6 Rg8 33. Rxd6 Nc4 34. Qg6+ Kh8 35. Qxf7 Nxd6 36. Qf6+ Rg7 37. Qxd6 Bc1 38. h5 Kh7 39. f4 Bxb2 40. h6 Rf7 41. Qe6 Rc7 42. g4 Bxc3 43. Qf5+ Kg8 44. Qg6+ Kh8 45. Qf6+ Kh7 46. g5 Ba5 47. f5 Bb4 48. g6+ Kxh6 49. Qh4+ 1-0

[Event "Wch Seniors 65 26th"]
[Site "Marianske Lazne"]
[Date "2016.11.21"]
[Round "3"]
[White "Gal, Moshe"]
[Black "Bauder, Herbert"]
[Result "1-0"]
[WhiteElo "2150"]
[BlackElo "1963"]
[PlyCount "109"]
[EventDate "2016.11.19"]
[EventType "swiss"]
[EventRounds "11"]
[EventCountry "CZE"]
[SourceTitle "CBM 175 Extra"]
[Source "ChessBase"]
[SourceDate "2016.12.12"]
[SourceVersion "1"]
[SourceVersionDate "2016.12.12"]
[SourceQuality "1"]

1. d4 Nf6 2. c4 g6 3. Nc3 Bg7 4. Nf3 0-0 5. Bf4 c5 6. d5 d6 7. h3 a6 8. a4 Qa5 9. Bd2 Qc7 10. e4 e6 11. Be2 exd5 12. exd5 Re8 13. 0-0 Nbd7 14. Re1 Ne5 15. Nxe5 Rxe5 16. Bf4 Re8 17. Bd3 Bd7 18. Qd2 Rxe1+ 19. Rxe1 Re8 20. b3 Nh5 21. Rxe8+ Bxe8 22. Bh2 Qa5 23. Qe2 Nf6 24. Ne4 Nxe4 25. Qxe4 Qd8 26. Bxd6 Qxd6 27. Qxe8+ Bf8 28. g3 b6 29. Kg2 Kg7 30. Qe4 Qf6 31. h4 Bd6 32. Be2 Qe5 33. Qd3 f5 34. f4 Qe7 35. Kf2 h5 36. a5 Qc7 37. axb6 Qxb6 38. Qe3 Qc7 39. Qc3+ Kh7 40. Ke1 Qb6 41. Kf2 a5 42. Qf6 Qc7 43. Bxh5 gxh5 44. Qxf5+ Kg8 45. Qg6+ Kf8 46. Qxh5 Qb6 47. Qf5+ Ke7 48. Qe6+ Kd8 49. h5 Kc7 50. Qe8 Qb8 51. Qxb8+ Kxb8 52. h6 Bf8 53. h7 Bg7 54. Kf3 Kc7 55. Kg4 1-0

[Event "Wch Seniors 65 26th"]
[Site "Marianske Lazne"]
[Date "2016.11.19"]
[Round "1"]
[White "Gal, Moshe"]
[Black "Marshall, Michael"]
[Result "1-0"]
[WhiteElo "2150"]
[BlackElo "1841"]
[PlyCount "119"]
[EventDate "2016.11.19"]
[EventType "swiss"]
[EventRounds "11"]
[EventCountry "CZE"]
[SourceTitle "CBM 175 Extra"]
[Source "ChessBase"]
[SourceDate "2016.12.12"]
[SourceVersion "1"]
[SourceVersionDate "2016.12.12"]
[SourceQuality "1"]

1. d4 Nf6 2. Bf4 e6 3. e3 c5 4. Nf3 b6 5. c3 Bb7 6. Nbd2 cxd4 7. exd4 Be7 8. Bd3 d6 9. h3 Nbd7 10. 0-0 0-0 11. Re1 Re8 12. Bh2 Bf8 13. a4 a6 14. Nc4 Qc7 15. Qe2 Qc6 16. Ne3 e5 17. Bc4 e4 18. Nd2 d5 19. Bb3 Bd6 20. Bxd6 Qxd6 21. Red1 g6 22. a5 b5 23. g3 Nh5 24. Ndf1 Ndf6 25. Ba2 Qe6 26. Ng4 Bc8 27. Nfe3 Bb7 28. Kg2 Kg7 29. Nxf6 Nxf6 30. Ng4 h5 31. Nxf6 Qxf6 32. Qe3 Red8 33. f3 exf3+ 34. Qxf3 Qxf3+ 35. Kxf3 Bc8 36. g4 hxg4+ 37. hxg4 g5 38. Rh1 Be6 39. Rh5 f6 40. Re1 Bf7 41. Rh2 Re8 42. Rhe2 Rxe2 43. Rxe2 Kf8 44. Bb1 Re8 45. Bf5 Rd8 46. Ke3 Kg7 47. Kd2 Kf8 48. Kc2 Rd6 49. Bc8 Bg6+ 50. Kb3 Be4 51. Kb4 Ke7 52. Kc5 f5 53. Bxf5 Rd8 54. Bxe4 dxe4 55. Rxe4+ Kf6 56. Re5 Rh8 57. Kc6 Rd8 58. Kb7 Rd6 59. Rf5+ Kg6 60. Rc5 1-0

[Event "Wch Seniors 65 25th"]
[Site "Acqui Terme"]
[Date "2015.11.13"]
[Round "4"]
[White "Gal, Moshe"]
[Black "Gutkin, Boris"]
[Result "1/2-1/2"]
[WhiteElo "2124"]
[BlackElo "2311"]
[PlyCount "77"]
[EventDate "2015.11.10"]
[EventType "swiss"]
[EventRounds "11"]
[EventCountry "ITA"]
[SourceTitle "CBM 169 Extra"]
[Source "ChessBase"]
[SourceDate "2015.12.18"]
[SourceVersion "1"]
[SourceVersionDate "2015.12.18"]
[SourceQuality "1"]

1. d4 Nf6 2. Nf3 g6 3. Bf4 Bg7 4. e3 d6 5. Be2 0-0 6. 0-0 Nc6 7. h3 Qe8 8. Bh2 a6 9. c4 e5 10. Nc3 Bf5 11. Re1 exd4 12. exd4 Qd8 13. Bd3 Bxd3 14. Qxd3 Qd7 15. Re2 Rfe8 16. Rae1 Rxe2 17. Rxe2 Re8 18. d5 Nb8 19. b4 Rxe2 20. Nxe2 Qe7 21. Bf4 Nbd7 22. Be3 Qe4 23. Qb3 Qe7 24. Qc2 Ne4 25. Bd4 Ng5 26. Nxg5 Bxd4 27. Nxd4 Qe1+ 28. Kh2 Qe5+ 29. g3 Qxd4 30. Nf3 Qf6 31. Kg2 Kg7 32. Qe2 Kf8 33. Qe3 Nb6 34. h4 Kg7 35. Qb3 Qf5 36. Qc3+ Qf6 37. Qb3 Qf5 38. Qc3+ Qf6 39. Qb3 1/2-1/2